Association between isoenzymatic phenotypes and resistance to the fungus Microcyclus ulei P. Henn. (v.Arx.) in rubber tree clones (Record no. 54566)
[ view plain ]
| 000 -LEADER | |
|---|---|
| fixed length control field | 01136nam a2200205Ia 4500 |
| 100 ## - MAIN ENTRY--AUTHOR NAME | |
| Personal name | Kalil Filho A N |
| 245 #0 - TITLE STATEMENT | |
| Title | Association between isoenzymatic phenotypes and resistance to the fungus Microcyclus ulei P. Henn. (v.Arx.) in rubber tree clones |
| 260 ## - PUBLICATION, DISTRIBUTION, ETC. (IMPRINT) | |
| Name of publisher | Brazilian Journal of Genetics |
| Year of publication | 1995 |
| 300 ## - PHYSICAL DESCRIPTION | |
| Number of Pages | 511-516 |
| 500 ## - GENERAL NOTE | |
| General note | Source Year: 1996 |
| 520 ## - SUMMARY, ETC. | |
| Summary, etc | Electrophoretic analysis of 78 clones from various species and interspecific hybrids of Hevea was carried out in starch gel to detect associations between isoenzyme phenotypes of 7 enzyme systems and resistance to the leaf blight caused by M.ulei. Associations between resistance and particular phenotypes (phosphoglucose isomerase [glucose-6-phosphate isomerase] Pgi 4-3, phosphogluconate dehydrogenase 6Pgd 2-1 and malate dehydrogenase Mdh1 4-2) indicated that selection for resistance on the basis of these markers would be possible. |
| 650 ## - SUBJECT ADDED ENTRY--TOPICAL TERM | |
| Topical Term | Isoenzymatic resistance |
| 650 ## - SUBJECT ADDED ENTRY--TOPICAL TERM | |
| Topical Term | Microcyclus ulei |
| 700 ## - ADDED ENTRY--PERSONAL NAME | |
| Personal name | Del |
| 700 ## - ADDED ENTRY--PERSONAL NAME | |
| Personal name | Lama M A |
| 700 ## - ADDED ENTRY--PERSONAL NAME | |
| Personal name | Mestriner M A |
| 856 ## - ELECTRONIC LOCATION AND ACCESS | |
| Uniform Resource Identifier | PBA |
| 942 ## - ADDED ENTRY ELEMENTS (KOHA) | |
| Koha item type | Journals |
| Withdrawn status | Lost status | Damaged status | Not for loan | Home library | Current library | Shelving location | Date acquired | Serial Enumeration / chronology | Koha item type |
|---|---|---|---|---|---|---|---|---|---|
| Journals | RRII Library | RRII Library | Pathology | 17/12/2021 | Volume 18, Issue 4 | Journals |